000 00368nam a2200157Ia 4500
005 20240807062321.0
008 240806s9999||||xx |||||||||||||| ||eng||
041 _aeng
082 _a305.8954
_bAHUB
100 _aAhuja Ram
245 0 _aIndian society /
_cAhuja Ram
260 _bRawat Publications, Jaipur
300 _a473p.
650 _aSociology
942 _cBK
999 _c15313
_d15313